Obálka Náhled e-knihy:
PDF Epub
Pro půjčování e-knih musíte být přihlášeni.
Jak si půjčit online?

Úsvit sklizně /

Další prequelová kniha k sérií Hunger Games se vrací k padesátému ročníku Hladových her a přibližuje příběh Haymitche Abernathyho, budoucího trenéra Katniss Everdeenové.

Uloženo v:
Série:Hunger games, část 0.1
Hlavní autor: Collins, Suzanne, 1962- (Autor)
Další autoři: Dušek, Zdík, 1976- (Autor)
Médium: E-kniha
Jazyk:Czech
Vydáno: V Praze : Fragment, 2025
Vydání:1. vydání
Témata:
Příbuzné jednotky:Z cyklu:: Hunger games
Tagy:
Žádné tagy
LEADER 02951nam a2200541 i 4500
001 312663
003 CZ PrSKC
005 20260601215726.0
007 ta
008 250320s2025 xr d 000 f cze
015 |a cnb003677349 
020 |a 9788025371640  |q (vázáno) 
035 |a (OCoLC)1519102410 
040 |a ABG001  |b cze  |d BOA001  |e rda 
041 1 |a cze  |h eng 
072 7 |a 821.111(73)-3  |x Americká próza  |2 Konspekt 
072 7 |a 821-93  |x Literatura pro děti a mládež (beletrie)  |2 Konspekt 
080 |a 821.111(73)-31  |2 MRF 
080 |a 821-93-053.67  |2 MRF 
080 |a 821-93  |2 MRF 
080 |a (0:82-313.2)  |2 MRF 
100 1 |a Collins, Suzanne,  |d 1962-  |7 xx0116397  |4 aut 
240 1 0 |a Sunrise on the reaping.  |l Česky 
245 1 0 |a Úsvit sklizně /  |c Suzanne Collinsová ; z anglického originálu Sunrise on the reaping ... přeložil Zdík Dušek 
250 |a 1. vydání 
264 1 |a V Praze :  |b Fragment,  |c 2025 
300 |a 399 stran ;  |c 22 cm 
336 |a text  |b txt  |2 rdacontent 
337 |a bez média  |b n  |2 rdamedia 
338 |a svazek  |b nc  |2 rdacarrier 
504 |a Obsahuje bibliografii 
520 2 |a Další prequelová kniha k sérií Hunger Games se vrací k padesátému ročníku Hladových her a přibližuje příběh Haymitche Abernathyho, budoucího trenéra Katniss Everdeenové.  |b Začíná Den sklizně padesátého ročníku Hladových her a všechny kraje Panemu svírá strach. Letos, u příležitosti druhých Čtvrtoher, bude do Kapitolu odveden dvojnásobný počet splátců. Haymitch Abernathy z Dvanáctého kraje chce jediné - přečkat den a jít za milovanou dívkou. Když ale s třemi dalšími splátci vyvolají jeho jméno, musí dát svým snům sbohem. Hry začínají a Haymitch rychle pochopí, že je předurčený k prohře. Přesto se nehodlá vzdát... Podaří se mu svůj boj přenést daleko za hranice smrtící arény? Nakladatelská anotace. 
655 7 |a americké romány  |7 fd131796  |2 czenas 
655 7 |a antiutopické romány  |7 fd1151354  |2 czenas 
655 7 |a literatura young adult  |7 fd1185572  |2 czenas 
655 7 |a publikace pro mládež  |7 fd133157  |2 czenas 
655 9 |a American fiction  |2 eczenas 
655 9 |a dystopian novels  |2 eczenas 
655 9 |a young adult literature  |2 eczenas 
655 9 |a juvenile literature  |2 eczenas 
700 1 |a Dušek, Zdík,  |d 1976-  |7 ola20040616001  |4 trl 
787 0 8 |i Z cyklu:  |t Hunger games  |g 0.1 
900 |a ABA001  |b 20 
928 9 |a Albatros Media - Fragment 
044 |a xr 
910 |a RBIT002 
998 |d 417693  |a https://core.palmknihy.cz/api/books/417693/cover?ssqv0q  |b https://core.palmknihy.cz/api/books/417693/cover/400?ssqv0q  |c https://core.palmknihy.cz/api/books/417693/cover/50?ssqv0q  |e 2030-06-21  |g 400  |i 9788025371640  |j https://core.palmknihy.cz/api/books/417693/preview.epub  |k https://core.palmknihy.cz/api/books/417693/preview.pdf  |l   |q 49  |r 1  |s https://www.palmknihy.cz/kniha/417693  |t ebook  |y 2025  |z 0 
999 |d 312661